AH International Schools' Libraries

Simply pasta: (Record no. 47762)

MARC details
000 -LEADER
fixed length control field 00333nam a2200109 4500
020 ## - INTERNATIONAL STANDARD BOOK NUMBER
International Standard Book Number 9780857202703
245 ## - TITLE STATEMENT
Title Simply pasta:
Remainder of title healthy fast food for busy people /
Statement of responsibility, etc Peter Sidwell.
260 ## - PUBLICATION, DISTRIBUTION, ETC. (IMPRINT)
Place of publication, distribution, etc London:
Name of publisher, distributor, etc Simon and Schuster;
Date of publication, distribution, etc 2012.
300 ## - PHYSICAL DESCRIPTION
Extent 176 p.
Other physical details col. ill.
Dimensions 25 cm.
650 ## - SUBJECT ADDED ENTRY--TOPICAL TERM
Topical term or geographic name as entry element Recipe books.
9 (RLIN) 85593
942 ## - ADDED ENTRY ELEMENTS (KOHA)
Source of classification or shelving scheme
Koha item type NON FIC SECTION
Holdings
Withdrawn status Lost status Source of classification or shelving scheme Damaged status Not for loan Collection code Home library Current library Date acquired Total Checkouts Full call number Barcode Date last seen Date checked out Price effective from Koha item type
          Non-Fiction Asian Hope Secondary Library Asian Hope Secondary Library 11/04/2024 11 641.5 SID 206187 04/08/2026 02/06/2026 11/04/2024 NON FIC SECTION

For any Logos Library related questions please contact Miss Art at swongnarasuk@asianhope.org.

For any Asian Hope Library related questions please contact Miss Raza at graza@asianhope.org.

Powered by Koha